Monte carlo simulation of semiconductor devices / (Record no. 12155)

MARC details
000 -LEADER
fixed length control field 00606nam a2200205Ia 4500
008 - FIXED-LENGTH DATA ELEMENTS--GENERAL INFORMATION
fixed length control field 210303s9999 xx 000 0 und d
016 ## - NATIONAL BIBLIOGRAPHIC AGENCY CONTROL NUMBER
Source retro2022
020 ## - INTERNATIONAL STANDARD BOOK NUMBER
ISBN 041247770x
040 ## - CATALOGING SOURCE
Original cataloging agency NLN
Language of cataloging English
Description conventions AACR2
100 ## - MAIN ENTRY--AUTHOR
Author MOGLESTUE, C.
Relator term aut
245 #0 - TITLE STATEMENT
Title Monte carlo simulation of semiconductor devices /
Statement of responsibility, etc C. Moglestue
260 ## - PUBLICATION, DISTRIBUTION, ETC. (IMPRINT)
Place of publication London, U. K. :
Name of publisher Chapman and Hall,
Date of publication 1993
300 ## - COLLATION
Pagination viii, 326p. :
Other physical details ill. ; 24cm.
500 ## - GENERAL NOTE
General note Bibliography : p. 300-310
563 ## - BINDING INFORMATION
Binding note (cased)
650 ## - TRACINGS
Main Subject Semiconductors
942 ## - ADDED ENTRY ELEMENTS (KOHA)
Suppress in OPAC No
Item type Books
050 ## - LIBRARY OF CONGRESS CALL NUMBER
Classification number TK7871.85
Item number .M696
082 ## - DEWEY DECIMAL CLASSIFICATION NUMBER
Classification number 621.38152
Holdings
Source of classification or shelving scheme Not for loan Home library Current library Date acquired Full call number Barcode. Koha item type
Library of Congress Classification   IBADAN BRANCH LIBRARY National Library of Nigeria 04/03/2021 TK7871.85 .M696 2024-555555550995418 Books

National Library of Nigeria OPAC is powered by Koha